Ironic Lyrics - Statistics

General Stats
  • This quiz has been taken 1,626 times
    1,621 since last reset
  • The average score is 162 of 215
Answer Stats
Lyrics % Correct
I
100%
A
99%
You
98%
It
97%
Day
95%
Ironic
95%
Is
95%
An
94%
It's
94%
On
94%
The
94%
Your
94%
And
91%
Like
91%
Rain
91%
Wedding
91%
Do
90%
Isn't
90%
When
90%
Already
89%
Think
88%
Don't
87%
Free
87%
He
86%
Ride
86%
To
86%
Man
85%
That
85%
Good
84%
Just
83%
Take
83%
Who
82%
Next
81%
Old
81%
Thought
81%
Died
80%
Lottery
79%
Too
79%
Won
79%
Advice
78%
Paid
78%
Late
77%
Would
77%
His
76%
Fly
75%
Have
75%
In
75%
You've
73%
Turned
72%
98
71%
Didn't
71%
Life
69%
Of
69%
Down
68%
Little
68%
Plane
68%
This
67%
Black
66%
Figures
66%
All
65%
Crashed
65%
Flight
65%
Well
65%
You're
65%
Then
64%
Two
63%
Wife
63%
Afraid
62%
Knife
62%
Minutes
62%
Need
62%
Nice
62%
Goodbye
61%
Kissed
61%
No
61%
Death
60%
Kids
60%
Spoons
60%
Beautiful
59%
Dreams
59%
Pardon
59%
Ten
59%
Damn
58%
Meeting
58%
Row
58%
Suitcase
58%
Thousand
58%
Waited
58%
Was
58%
Whole
58%
Chardonnay
57%
Packed
57%
Really
57%
Break
52%
Cigarette
52%
Smoking
52%
Jam
51%
Sign
51%
Traffic
51%
Funny
50%
Play
49%
Way
49%
My
48%
Safe
48%
Has
47%
Yeah
45%
Mr
43%
Up
41%
Everything
38%
Ok
31%
Sneaking
31%
Face
30%
Everything's
29%
Blows
28%
Right
28%
Going
27%
Out
22%
Wrong
22%
Gone
20%
Helping
18%
No matching quizzes found
Score Distribution
Percent of People with Each Score
Percentile by Number Answered
Your Score History
You have not taken this quiz since the last reset